Le spleen de Paris (Record no. 31120)

MARC details
000 -LEADER
campo de control de longitud fija 00574nam a2200181 i 4500
001 - NÚMERO DE CONTROL
campo de control 31120
003 - IDENTIFICADOR DE NÚMERO DE CONTROL
campo de control ES-MaACL
005 - FECHA Y HORA DE LA ÚLTIMA TRANSACCIÓN
campo de control 20230906154320.0
007 - CAMPO FIJO DE DESCRIPCIÓN FÍSICA--INFORMACIÓN GENERAL
campo de control de longitud fija t|
008 - DATOS DE LONGITUD FIJA--INFORMACIÓN GENERAL
campo de control de longitud fija 030128s1915 fr ||||1| fre d
100 1# - ENTRADA PRINCIPAL--NOMBRE DE PERSONA
Nombre de persona Baudelaire, Charles.
9 (RLIN) 26513
245 13 - MENCIÓN DEL TÍTULO
Título Le spleen de Paris
Resto del título : petits poemes en prose /
Mención de responsabilidad, etc. Charles Baudelaire ; edition revue... et publie par Ad Van Bever.
250 ## - MENCION DE EDICION
Mención de edición 3eme ed.
260 ## - PUBLICACIÓN, DISTRIBUCIÓN, ETC.
Lugar de publicación, distribución, etc. [S.l. :
Nombre del editor, distribuidor, etc. s.n.,
Fecha de publicación, distribución, etc. 1915] (
Lugar de fabricación/manufactura Tours :
Fabricante E. Arrault et Cie)
300 ## - DESCRIPCIÓN FÍSICA
Extensión 290 p. ;
Dimensiones 18 cm.
700 0# - ENTRADA AGREGADA--NOMBRE PERSONAL
Nombre de persona Bever, Adolphe van.
9 (RLIN) 28713
852 ## - LOCALIZACIÓN
Ubicación ES-MaACL
Número de control de estantería F-3507
Holdings
Estatus retirado Estado de pérdida Estado de daño No para préstamo Biblioteca de origen Biblioteca actual Ubicación en estantería Fecha de adquisición Fuente de adquisición Total de préstamos Signatura topográfica completa Código de barras Visto por última vez Precio de reemplazo Tipo de ítem Koha
        Biblioteca del Ateneo de Madrid Biblioteca del Ateneo de Madrid Depósito 2 17/01/2008     F-3507 1032150 23/02/2023 23/02/2023 Libro impreso